Größte Gemeinden auf Mallorca - Statistiken

Allgemein
  • Dieses Quiz wurde 144 mal gespielt
  • Das Durchschnittsergebnis liegt bei 3 aus 10
Antwortstatistiken
Einwohner Gemeinde % Korrekt
416.065 Palma de Mallorca
99%
20.241 Alcúdia
51%
43.808 Manacor
41%
13.705 Sóller
35%
33.319 Inca
30%
16.283 Pollença
19%
36.914 Llucmajor
15%
17.780 Felanitx
12%
50.559 Calvià
9%
37.193 Marratxí
5%
Keine übereinstimmenden Quizze gefunden
Verteilung der Resultate
Anzahl Personen mit jedem Resultat
Perzentil nach korrekt beantworteten Fragen
Ihre Resultats-Entwicklung
Sie haben dieses Quiz noch nicht gespielt